Corporate social reponsibility in India/ (Record no. 164891)

MARC details
000 -LEADER
fixed length control field 00591nam a2200193 4500
005 - DATE AND TIME OF LATEST TRANSACTION
control field 20190529163736.0
010 ## - LCCN (DPL NO)
LC control number ENG-125382
020 ## - INTERNATIONAL STANDARD BOOK NUMBER
Terms of availability 650.00
International Standard Book Number 9788182204676
035 ## - SYSTEM CONTROL NUMBER
System control number EN-108914
037 ## - SOURCE OF ACQUISITION
Source of stock number/acquisition DBAD/PUB
082 ## - DEWEY DECIMAL CLASSIFICATION NUMBER
Classification number 658.4080954
100 ## - MAIN ENTRY--PERSONAL NAME
Personal name Mandal, B.N.
245 ## - TITLE STATEMENT
Title Corporate social reponsibility in India/
Statement of responsibility, etc by B.N. Mandal
260 ## - PUBLICATION, DISTRIBUTION, ETC. (IMPRINT)
Place of publication, distribution, etc New Delhi
Name of publisher, distributor, etc Global Vision publishing house
Date of publication, distribution, etc 2012
270 ## - ADDRESS
Address 20, Ansari Road, Daryaganj,
City New Delhi
Postal code 110002
300 ## - PHYSICAL DESCRIPTION
Extent viii,150p
Dimensions 22cm(Hb)
500 ## - GENERAL NOTE
General note includes index
942 ## - ADDED ENTRY ELEMENTS (KOHA)
Source of classification or shelving scheme Dewey Decimal Classification
Item type English Books
Classification part 658.4080954
Call number suffix MAN
Holdings
Withdrawn status Lost status Not for loan Collection code Home library Current library Date acquired Source of acquisition Cost, normal purchase price Full call number Barcode Copy number Cost, replacement price Koha item type
      Non-fiction Central Library Central Library 29/05/2019 DBAD/PUB 650.00 658.4080954 MAN EN-108914 1 0.00 English Books

© Delhi Public Library
Hit Counter
free hit counter